| 000 | 00724nam a22001457a 4500 | ||
|---|---|---|---|
| 999 |
_c2400 _d2400 |
||
| 020 | _a0471312576 | ||
| 050 | _aHF5549.D396 DEC | ||
| 100 | _aDavid A. De Cenzo, Stephen P. Robbins | ||
| 245 |
_aInstructors resource guide to accompany human resource management _cDavid A. De Cenzo, Stephen P. Robbins |
||
| 260 |
_aNey York _bJohn Wiley & sons _c1999 |
||
| 300 | _aviii, 223p. | ||
| 505 | _a1. Fundamentals of human resource management 2. Human resource management in a changing environment 3. Understanding equal employment opportunity 4. Motivating employees and designing jobs 5. Employment planning and job analysis 6. Recruiting and the foundations of selection | ||
| 650 | _aHuman resource management | ||
| 942 | _cBK | ||